[Event "Challenge"]
[Site "http://www.queenalice.com/game.php?id=924292"]
[Date "2011.4.10"]
[Round "-"]
[White "juniorvaz100"]
[Black "Cueball600"]
[Result "0-1"]
[WhiteElo "1781"]
[BlackElo "2137"]

1. e4 e5 2. Nf3 Nc6 3. Bc4 Na5 4. Nxe5 Nxc4 5. Nxc4 d5 6. exd5 Qxd5 7. Ne3 Qc6
8. Qe2 Be6 9. O-O O-O-O 10. d3 Nf6 11. Nc3 Bd6 12. Bd2 Rhe8 13. h3 Kb8 14. Rfe1
Be5 15. Qf3 Qxf3 16. gxf3 Bxh3 17. Nc4 Bd4 18. Nb5 Rxe1+ 19. Rxe1 Bc5 20. Kh2
Bd7 21. Nba3 Bxf2 22. Re2 Bh4 23. Ne5 Be6 24. Nac4 Nh5 25. Rg2 f6 26. Ng4 Bxc4
27. dxc4 Bg3+ 28. Kh3 Bf4 29. Bc3 Bc1 30. Kh2 Nf4 31. Rf2 h5 32. Rf1 hxg4 33.
Rxc1 Rh8+ 34. Kg3 Ne2+ 0-1

[Event "Challenge"]
[Site "http://www.queenalice.com/game.php?id=927252"]
[Date "2011.4.18"]
[Round "-"]
[White "shiyamiya"]
[Black "Cueball600"]
[Result "1-0"]
[WhiteElo "2005"]
[BlackElo "2206"]

1. Nf3 d5 2. d4 c5 3. c4 e6 4. Nc3 cxd4 5. Nxd4 Nf6 6. cxd5 Nxd5 7. Bd2 Bc5 8.
Nb3 Nxc3 9. Bxc3 Qxd1+ 10. Rxd1 Bb6 11. Bxg7 Rg8 12. Bc3 Nc6 13. g3 Bd7 14. Bg2
f5 15. O-O O-O-O 16. Rc1 Kb8 17. Bf6 Rdf8 18. Rfd1 1-0

[Event "Challenge"]
[Site "http://www.queenalice.com/game.php?id=927253"]
[Date "2011.4.18"]
[Round "-"]
[White "Cueball600"]
[Black "shiyamiya"]
[Result "0-1"]
[WhiteElo "2171"]
[BlackElo "2051"]

1. e4 e5 2. Nf3 Nc6 3. Bc4 Bc5 4. c3 Nf6 5. d4 exd4 6. cxd4 Bb4+ 7. Nc3 Nxe4 8.
O-O Bxc3 9. bxc3 d5 10. Bd3 O-O 11. Qb3 b6 12. Bf4 Bf5 13. Be2 Re8 14. Rfe1 Re6
15. Ne5 Na5 16. Qc2 f6 17. Ng4 Nd6 0-1

[Event "Challenge"]
[Site "http://www.queenalice.com/game.php?id=927254"]
[Date "2011.4.18"]
[Round "-"]
[White "shiyamiya"]
[Black "Cueball600"]
[Result "1-0"]
[WhiteElo "1921"]
[BlackElo "2268"]

1. c4 e5 2. Nc3 Nf6 3. g3 c6 4. Nf3 e4 5. Nd4 d5 6. cxd5 cxd5 7. d3 Bc5 8. dxe4
Qb6 9. Be3 Nc6 10. Nxc6 bxc6 11. Bxc5 Qxc5 12. exd5 cxd5 13. Bg2 Be6 14. Qa4+
Bd7 15. Qf4 O-O 16. Rc1 Rab8 17. O-O 1-0

[Event "Challenge"]
[Site "http://www.queenalice.com/game.php?id=927255"]
[Date "2011.4.18"]
[Round "-"]
[White "Cueball600"]
[Black "shiyamiya"]
[Result "0-1"]
[WhiteElo "2188"]
[BlackElo "2029"]

1. e4 c5 2. c3 Nc6 3. d4 d5 4. dxc5 dxe4 5. Qxd8+ Nxd8 6. Bb5+ Bd7 7. Bxd7+ Kxd7
8. Be3 e5 9. Nd2 f5 10. Nc4 Ke6 11. b4 f4 12. Bd2 Nf6 13. g3 Kf5 14. g4+ Nxg4
15. Nd6+ Bxd6 16. cxd6 Nf7 0-1

[Event "Challenge"]
[Site "http://www.queenalice.com/game.php?id=927256"]
[Date "2011.4.18"]
[Round "-"]
[White "shiyamiya"]
[Black "Cueball600"]
[Result "1-0"]
[WhiteElo "1951"]
[BlackElo "2246"]

1. d4 d5 2. Nf3 Nc6 3. c4 Bf5 4. cxd5 Qxd5 5. Nc3 Qd6 6. e4 Bg4 7. Nb5 Qd8 8. d5
a6 9. Bf4 axb5 10. Bxb5 Bd7 11. dxc6 bxc6 12. Bc4 Nf6 13. Qd3 e6 14. O-O Be7 15.
Rfd1 O-O 16. a4 c5 17. Ne5 1-0

[Event "Challenge"]
[Site "http://www.queenalice.com/game.php?id=927257"]
[Date "2011.4.18"]
[Round "-"]
[White "Cueball600"]
[Black "shiyamiya"]
[Result "0-1"]
[WhiteElo "2225"]
[BlackElo "1979"]

1. e4 c5 2. c3 Nc6 3. d4 d5 4. e5 cxd4 5. cxd4 Qb6 6. Nc3 Qxd4 7. Qxd4 Nxd4 8.
Bd3 e6 9. Be3 Nc6 10. Nf3 f6 11. Nb5 Kd8 12. Nd6 Bxd6 13. exd6 e5 14. Bb5 a6 15.
Be2 d4 16. Bd2 Kd7 17. O-O Kxd6 0-1

[Event "OS INCLIVEIS"]
[Site "http://www.queenalice.com/game.php?id=927350"]
[Date "2011.4.18"]
[Round "-"]
[White "adelio"]
[Black "Cueball600"]
[Result "0-1"]
[WhiteElo "1733"]
[BlackElo "2288"]

1. g3 e5 2. b3 d5 3. a3 Nf6 4. h3 Bd6 5. d3 O-O 6. Ra2 Be6 7. c3 c5 8. e3 Nc6 9.
g4 d4 10. c4 dxe3 11. Bxe3 Qa5+ 12. Bd2 Qb6 13. Rb2 Nd4 14. b4 Qc6 15. f3 a6 16.
Be3 cxb4 17. axb4 Qb6 18. Nd2 Bxb4 19. Be2 a5 20. h4 Nxf3+ 21. Kf2 Nxg4+ 22. Kf1
Nxe3+ 23. Kf2 Nxd1+ 24. Kxf3 Qf2+ 25. Ke4 Qe3# 0-1

[Event "WCC  2011 - QA"]
[Site "http://www.queenalice.com/game.php?id=928678"]
[Date "2011.4.21"]
[Round "3"]
[White "Cueball600"]
[Black "smothered_mate"]
[Result "0-1"]
[WhiteElo "2282"]
[BlackElo "2225"]

1. e4 c6 2. d4 d5 3. e5 Bf5 4. Nf3 e6 5. Nh4 Qxh4 6. Nc3 Bb4 7. Be3 c5 8. Bb5+
Nc6 9. dxc5 Ne7 10. O-O O-O 11. g3 Qg4 12. Qxg4 Bxg4 13. a3 Bxc3 14. bxc3 Nxe5
15. Rab1 Rab8 16. Rfe1 Nf3+ 0-1

[Event "edvz-2"]
[Site "http://www.queenalice.com/game.php?id=1026573"]
[Date "2012.2.5"]
[Round "1"]
[White "Cueball600"]
[Black "RIVAS"]
[Result "1-0"]
[WhiteElo "2143"]
[BlackElo "2199"]

1. e4 e6 2. Nf3 d5 3. exd5 exd5 4. d4 Nf6 5. Bd3 Be7 6. O-O O-O 7. c4 dxc4 8.
Bxc4 c6 9. Nc3 Nbd7 10. Bb3 Nb6 11. Qd3 Nfd5 12. Bd2 Be6 13. Ne4 Bf5 14. Nf6+
Bxf6 15. Qxf5 Re8 16. Rae1 Qd7 17. Qd3 Rad8 18. Ng5 Bxg5 19. Bxg5 f6 20. Bd2
Rxe1 21. Rxe1 Re8 22. Rxe8+ Qxe8 23. Bc2 g6 24. h4 Nc8 25. h5 Nce7 26. Qa3 Qb8
27. Qh3 Qd6 28. hxg6 hxg6 29. Qh6 f5 30. Bb3 Qf6 31. Bg5 Qg7 32. Qh4 Nc8 33. Bf6
Qh7 34. Qg3 a6 35. Bxd5+ cxd5 36. Be5 Kf8 37. Qc3 Qd7 38. Qh3 Qe6 39. Qh8+ Ke7
40. Bc7 Kd7 41. Qd8+ Kc6 42. Be5 Kb5 43. b3 a5 44. Bc7 a4 45. Qf8 Qc6 46. Bf4
axb3 47. axb3 Qc3 48. Qe8+ Qc6 49. Qe2+ Kb4 50. Qb2 Qe6 51. Bd2+ Kb5 52. Qa3 Kc6
53. Qa4+ Kc7 54. Bf4+ Kd8 55. Qa5+ Ke8 56. Qc7 Qc6 57. Qg7 b5 58. Bg5 Qe6 59.
Qb7 Qd7 60. Qa6 1-0

[Event "edvz-2"]
[Site "http://www.queenalice.com/game.php?id=1112780"]
[Date "2012.10.15"]
[Round "2"]
[White "HILITO"]
[Black "Cueball600"]
[Result "0-1"]
[WhiteElo "2182"]
[BlackElo "2157"]

1. e4 e5 2. Nf3 Nc6 3. Bb5 a6 4. Ba4 b5 5. Bb3 Nf6 6. O-O Bb7 7. d3 Bd6 8. Bg5
h6 9. Bh4 O-O 10. Nc3 Be7 11. Bg3 d6 12. Nd5 Nxd5 13. Bxd5 Bf6 14. c3 Qd7 15. d4
Rab8 16. Qd2 Rfe8 17. Rad1 a5 18. a3 a4 19. dxe5 Nxe5 20. Bxe5 dxe5 21. Bxb7
Qxd2 22. Rxd2 Rxb7 23. Rfd1 c5 24. g3 b4 25. axb4 cxb4 26. Rd7 Rxd7 27. Rxd7
bxc3 28. bxc3 Rc8 29. Rd5 Rxc3 30. Kg2 Rc4 31. Nxe5 Rxe4 32. f4 Re2+ 33. Kh3 a3
34. Nd7 Be7 35. Ra5 a2 36. Ra8+ Kh7 37. Ne5 f5 38. Nd3 g5 39. fxg5 hxg5 0-1

[Event "Challenge"]
[Site "http://www.queenalice.com/game.php?id=1124887"]
[Date "2012.11.22"]
[Round "-"]
[White "Ebbe"]
[Black "Cueball600"]
[Result "0-1"]
[WhiteElo "1993"]
[BlackElo "2170"]

1. d4 d5 2. c4 c6 3. Nc3 Nf6 4. h3 e6 5. Bg5 Be7 6. Bxf6 Bxf6 7. e4 dxe4 8. d5
exd5 9. cxd5 cxd5 10. Bb5+ Nc6 11. Nge2 O-O 12. Qxd5 Qxd5 13. Nxd5 Bxb2 14. Rb1
Be5 15. O-O Kh8 16. Bxc6 bxc6 17. Nb4 Bb7 18. f4 exf3 19. gxf3 Rfe8 20. f4 Bc7
21. Ng3 Rab8 22. Nc2 g5 23. Nh5 gxf4 24. Nxf4 Ba6 25. Rf3 Rxb1+ 0-1

[Event "Challenge"]
[Site "http://www.queenalice.com/game.php?id=1129083"]
[Date "2012.12.7"]
[Round "-"]
[White "TMG"]
[Black "Cueball600"]
[Result "0-1"]
[WhiteElo "2191"]
[BlackElo "2177"]

1. e4 e5 2. Nf3 Nc6 3. Bb5 Nf6 4. O-O Nxe4 5. d4 exd4 6. Re1 f5 7. Nxd4 Qh4 8.
g3 Qf6 9. Bxc6 dxc6 10. f3 Bc5 11. Be3 Qg6 12. fxe4 fxe4 13. Qe2 Bg4 14. Qc4 Bd6
15. Nc3 O-O-O 16. Nde2 Rhe8 17. Bf4 Be6 18. Qa4 Bc5+ 19. Kg2 Qg4 20. Rf1 g5 21.
Be5 Rd2 22. Rae1 Rxe2+ 0-1

[Event "Challenge"]
[Site "http://www.queenalice.com/game.php?id=1130587"]
[Date "2012.12.12"]
[Round "-"]
[White "Cueball600"]
[Black "vickfa"]
[Result "1-0"]
[WhiteElo "2189"]
[BlackElo "1272"]

1. e4 c5 2. Nf3 Nc6 3. c3 a6 4. Bc4 e6 5. d4 b5 6. Be2 Nh6 7. O-O Qc7 8. a4 Bd6
9. axb5 Bb7 10. bxc6 dxc6 11. Bg5 Be7 12. Bxe7 Qxe7 13. dxc5 Qxc5 14. Qd4 Qxd4
15. cxd4 f5 16. exf5 exf5 17. Bc4 Ng4 18. Re1+ Kd8 19. Ng5 Re8 20. Rxe8+ Kxe8
21. Nc3 h6 22. Ne6 Bc8 23. Nc7+ Kd8 24. Nxa8 Nf6 25. Nb6 Bb7 26. Bxa6 Bxa6 27.
Rxa6 Kc7 28. d5 cxd5 29. Nbxd5+ Nxd5 30. Nxd5+ Kb7 31. Rg6 1-0

[Event "edvz-2"]
[Site "http://www.queenalice.com/game.php?id=1169381"]
[Date "2013.4.8"]
[Round "3"]
[White "trompmaster"]
[Black "Cueball600"]
[Result "0-1"]
[WhiteElo "2421"]
[BlackElo "2190"]

1. d4 d5 2. Nf3 e6 3. e3 Nf6 4. Bd3 c5 5. b3 Nc6 6. O-O Be7 7. Bb2 O-O 8. Nbd2
Nb4 9. Be2 cxd4 10. exd4 Nh5 11. a3 Nc6 12. g3 Nf6 13. Bd3 b6 14. c4 Ba6 15. Re1
Rc8 16. Rc1 Rc7 17. cxd5 Bxd3 18. dxc6 Qa8 19. Ne5 Bb5 20. a4 Bxc6 21. Nxc6 Rxc6
22. Nc4 Rcc8 23. Qd3 Rfd8 24. f3 Nd5 25. Qe2 Bb4 26. Rf1 Qb7 27. Ne5 a6 28. Kg2
b5 29. axb5 axb5 30. Nd3 Be7 31. Rfe1 Ra8 32. Qe4 Ra2 33. Re2 Qa8 34. Ne5 Bd6
35. Rd2 Ba3 36. Rb1 Bb4 37. Rf2 Rc8 38. Nd3 Bc3 39. h3 b4 40. h4 Qa7 41. Rc1 Qa6
42. Rfc2 Rc7 43. Kh3 Qc8 44. Qe5 h6 45. Rg2 Rc6 46. Rgc2 Qa6 47. Qe4 Rc7 48. Rg2
Qa7 49. Qe5 Rc8 50. Rgc2 Rb8 51. Qd6 Qb7 52. Qe5 Qb5 53. Qe4 Rba8 54. Kg2 Qb6
55. Kh2 Qa7 56. Kh3 Rd8 57. f4 Bxb2 58. Nxb2 Nc3 59. Qg2 Qxd4 60. Nc4 Rxc2 61.
Rxc2 Qd1 62. Kh2 f6 63. Rb2 Kh7 64. Qc6 Qe1 65. Qg2 f5 66. Ne5 Ne4 67. h5 Qd1
68. Qe2 Qa1 69. Rc2 Rd1 70. Nf3 Nc3 71. Qg2 Qb1 72. Rf2 Ne4 73. Nd2 Nxd2 74.
Rxd2 Rxd2 75. Qxd2 Qxb3 76. Qd7 Qc2+ 77. Kg1 Qc5+ 78. Kf1 Qe3 79. Kg2 Qe2+ 80.
Kg1 Qf3 81. Qxe6 Qxg3+ 82. Kh1 Qh4+ 83. Kg2 Qg4+ 84. Kf2 Qxf4+ 85. Kg1 Qc1+ 86.
Kf2 Qc2+ 87. Kf1 f4 0-1

[Event "edvz-2"]
[Site "http://www.queenalice.com/game.php?id=1227548"]
[Date "2013.10.26"]
[Round "4"]
[White "Cueball600"]
[Black "Chalezuba"]
[Result "0-1"]
[WhiteElo "2209"]
[BlackElo "2401"]

1. e4 c5 2. Nf3 Nc6 3. Bc4 Nf6 4. Nc3 e6 5. O-O d5 6. exd5 exd5 7. Bb3 Bd6 8.
Nxd5 Nxd5 9. Bxd5 Bxh2+ 10. Nxh2 Qxd5 11. Re1+ Be6 12. d3 O-O-O 13. Be3 h5 14.
Qf3 b6 15. a3 Kb7 16. Rab1 a5 17. Qxd5 Bxd5 18. Bd2 Nd4 19. Re7+ Kc8 20. Bc3 Rd7
21. Rxd7 Kxd7 22. Nf1 Nxc2 23. Ne3 Nxe3 24. fxe3 f6 25. e4 Bb7 26. Re1 Ke6 27.
d4 cxd4 28. Bxd4 Rc8 29. Bxb6 a4 30. Re3 Rc1+ 31. Kh2 Rc2 32. Bd4 g5 33. b4 f5
34. exf5+ Kxf5 35. Kg1 Rxg2+ 36. Kf1 h4 37. b5 Kg4 38. Re2 Rxe2 39. Kxe2 Kg3 40.
Kf1 g4 41. Kg1 Kh3 42. Be5 g3 43. b6 Kg4 44. Bxg3 Kxg3 45. Kf1 h3 0-1